000 00434nam a2200181Ia 4500
005 20250423095439.0
008 250422s9999 xx 000 0 und d
020 _a9780071284417
050 _aTK 454 .A452/
100 _aAlexander, Charles K.
245 0 _aFundamentals of electric circuits
250 _a4th ed.
260 _aBoston
260 _bMcGraw-Hill
260 _c2009
650 _aElectric circuits
942 _cBK
999 _c30302
_d30302